000 00750nam a22002537a 4500
003 UA-OsUOA
001 32217
007 ta
008 20050127b un ||||| |||| 00| 0 ukr d
090 _a321.75
_bК77
942 _cBK
040 _aUA-OsUOA
_brus
_cUA-OsUOA
_dUA-OsUOA
245 _aКПСС в резолюциях и решениях съездов, конференций и пленумов ЦК
_b1898-1986
_cРед. А. Г.Егоров К.М.Боголюбов
_n1898-1917
300 _a638 с.
955 _a0
041 _arus
080 _a321.75
260 _aМосква
_bПолитиздат
_c1983
246 3 1 _aТ. 1
_n
044 _aRU
250 _n9-е изд., испр. и доп.
650 7 _2UDC
999 _c318656
_d318656